Combien de ville de l'Eure (27) connais-tu ? - Statistiques

Statistiques générales
  • Ce quiz a été pris 30 fois
  • Le résultat moyen est 34 sur 585
Statistiques - réponses
Code postal Ville % Correct
27036 Évreux
88%
27030 Vernon
69%
27307 Bernay
54%
27400 Louviers
54%
27140 Gisors
50%
27120 Pacy-sur-Eure
46%
27100 Val-de-Reuil
46%
27190 Conches-en-Ouche
42%
27500 Pont-Audemer
42%
27430 Andé
38%
27800 Brionne
35%
27700 Andelys
31%
27220 Saint-André-de-l'Eure
31%
27170 Beaumontel
27%
27620 Giverny
27%
27400 Incarville
27%
27110 Neubourg
27%
27740 Poses
27%
27470 Serquigny
27%
27100 Vaudreuil
27%
27400 Acquigny
23%
27170 Beaumont-le-Roger
23%
27210 Beuzeville
23%
27530 Ézy-sur-Eure
23%
27600 Gaillon
23%
27800 Harcourt
23%
27480 Lyons-la-Forêt
23%
27340 Pont-de-l'Arche
23%
27180 Saint-Sébastien-de-Morsent
23%
27137 Verneuil d'Avre et d'Iton
23%
27800 Bec-Hellouin
19%
27310 Bourg-Achard
19%
27026 Breteuil
19%
27270 Broglie
19%
27730 Bueil
19%
27620 Gasny
19%
27520 Grand Bourgtheroulde
19%
27540 Ivry-la-Bataille
19%
27560 Lieurey
19%
27410 Mesnil-en-Ouche
19%
27320 Nonancourt
19%
27930 Normanville
19%
27290 Pont-Authou
19%
27170 Romilly-la-Puthenaye
19%
27250 Rugles
19%
27950 Saint-Marcel
19%
27230 Thiberville
19%
27290 Authou
15%
27930 Brosville
15%
27260 Cormeilles
15%
27530 Croth
15%
27150 Étrépagny
15%
27380 Fleury-sur-Andelle
15%
27930 Gravigny
15%
27690 Léry
15%
27300 Menneval
15%
27240 Mesnils-sur-Iton
15%
27290 Montfort-sur-Risle
15%
27180 Parville
15%
27400 Pinterville
15%
27360 Pont-Saint-Pierre
15%
27610 Romilly-sur-Andelle
15%
27210 Saint-Maclou
15%
27910 Vascœuil
15%
27930 Vieil-Évreux
15%
27930 Angerville-la-Campagne
12%
27930 Aviron
12%
27930 Bacquepuis
12%
27170 Barc
12%
27190 Bonneville-sur-Iton
12%
27210 Boulleville
12%
27170 Bray
12%
27800 Calleville
12%
27380 Charleval
12%
27170 Combon
12%
27290 Condé-sur-Risle
12%
27750 Couture-Boussey
12%
27120 Douains
12%
27170 Écardenville-la-Campagne
12%
27930 Gauville-la-Campagne
12%
27930 Guichainville
12%
27400 Heudebouville
12%
27400 Houetteville
12%
27770 Illiers-l'Évêque
12%
27680 Marais-Vernier
12%
27110 Marbeuf
12%
27320 Marcilly-la-Campagne
12%
27390 Montreuil-l'Argillé
12%
27220 Mouettes
12%
27300 Nassandres sur Risle
12%
27190 Ormes
12%
27590 Pîtres
12%
27300 Plasnes
12%
27220 Prey
12%
27400 Quatremare
12%
27110 Quittebeuf
12%
27110 Rouge-Perriers
12%
27110 Sainte-Opportune-du-Bosc
12%
27450 Saint-Georges-du-Vièvre
12%
27290 Saint-Philbert-sur-Risle
12%
27400 Surville
12%
27800 Thibouville
12%
27500 Toutainville
12%
27120 Val-David
12%
27870 Vesly
12%
27630 Vexin-sur-Epte
12%
27800 Aclou
8%
27460 Alizay
8%
27400 Amfreville-sur-Iton
8%
27290 Appeville-Annebault
8%
27440 Bacqueville
8%
27130 Barils
8%
27170 Barquet
8%
27180 Baux-Sainte-Croix
8%
27170 Berville-la-Campagne
8%
27210 Berville-sur-Mer
8%
27800 Boisney
8%
27670 Bosroumois
8%
27700 Bouafles
8%
27500 Bourneville-Sainte-Croix
8%
27580 Bourth
8%
27400 Canappeville
8%
27180 Caugé
8%
27120 Chambray
8%
27190 Champ-Dolent
8%
27180 Claville
8%
27490 Clef Vallée d'Eure
8%
27210 Conteville
8%
27220 Coudres
8%
27300 Courbépine
8%
27110 Crestot
8%
27340 Criquebeuf-sur-Seine
8%
27340 Damps
8%
27230 Drucourt
8%
27110 Écauville
8%
27440 Écouis
8%
27190 Émanville
8%
27260 Épaignes
8%
27730 Épieds
8%
27210 Fatouville-Grestain
8%
27190 Faverolles-la-Campagne
8%
27760 Ferrière-sur-Risle
8%
27190 Fidelaire
8%
27210 Foulbec
8%
27800 Franqueville
8%
27190 Glisolles
8%
27290 Glos-sur-Risle
8%
27170 Goupil-Othon
8%
27110 Graveron-Sémerville
8%
27170 Grosley-sur-Risle
8%
27110 Hectomare
8%
27400 Heudreville-sur-Eure
8%
27400 Hondouville
8%
27110 Iville
8%
27220 Jumelles
8%
27190 Louversey
8%
27930 Mesnil-Fuguet
8%
27400 Mesnil-Jourdain
8%
27430 Muids
8%
27190 Nagel-Séez-Mesnil
8%
27730 Neuilly
8%
27330 Neuve-Lyre
8%
27940 Notre-Dame-de-l'Isle
8%
27910 Perriers-sur-Andelle
8%
27910 Perruel
8%
27180 Plessis-Grohan
8%
27170 Plessis-Sainte-Opportune
8%
27190 Portes
8%
27510 Pressagny-l'Orgueilleux
8%
27680 Quillebeuf-sur-Seine
8%
27380 Radepont
8%
27930 Sacquenville
8%
27600 Saint-Aubin-sur-Gaillon
8%
27450 Saint-Christophe-sur-Condé
8%
27800 Saint-Cyr-de-Salerne
8%
27110 Sainte-Colombe-la-Commanderie
8%
27190 Sainte-Marthe
8%
27450 Saint-Grégoire-du-Vièvre
8%
27220 Saint-Laurent-des-Bois
8%
27930 Saint-Martin-la-Campagne
8%
27370 Saint-Pierre-des-Fleurs
8%
27430 Saint-Pierre-du-Vauvray
8%
27800 Saint-Victor-d'Épine
8%
27190 Sébécourt
8%
27400 Surtauville
8%
27400 Terres de Bord
8%
27700 Thuit
8%
27170 Tilleul-Dame-Agnès
8%
27180 Tournedos-Bois-Hubert
8%
27930 Tourneville
8%
27180 Ventes
8%
27110 Villettes
8%
27400 Vironvay
8%
27110 Vitot
8%
27570 Acon
4%
27600 Ailly
4%
27500 Aizier
4%
27380 Amfreville-sous-les-Monts
4%
27180 Arnières-sur-Iton
4%
27490 Autheuil-Authouillet
4%
27220 Authieux
4%
27220 Baronnie
4%
27230 Barville
4%
27230 Bazoques
4%
27110 Bérengeville-la-Campagne
4%
27180 Bernienville
4%
27800 Berthouville
4%
27220 Bois-le-Roi
4%
27120 Boisset-les-Prévanches
4%
27300 Boissy-Lamberville
4%
27800 Bosrobert
4%
27930 Boulay-Morin
4%
27220 Bretagnolles
4%
27190 Burey
4%
27490 Cailly-sur-Eure
4%
27500 Campigny
4%
27300 Caorches-Saint-Nicolas
4%
27110 Cesseville
4%
27580 Chaise-Dieu-du-Theil
4%
27930 Chapelle-du-Bois-des-Faulx
4%
27950 Chapelle-Longueville
4%
27220 Chavigny-Bailleul
4%
27930 Cierrey
4%
27190 Collandres-Quincarnon
4%
27500 Corneville-sur-Risle
4%
27150 Coudray
4%
27940 Courcelles-sur-Seine
4%
27400 Crasville
4%
27110 Criquebeuf-la-Campagne
4%
27190 Croisille
4%
27110 Crosville-la-Vieille
4%
27700 Cuverville
4%
27720 Dangu
4%
27930 Dardez
4%
27110 Daubeuf-la-Campagne
4%
27320 Droisy
4%
27930 Émalleville
4%
27110 Épégard
4%
27350 Étréville
4%
27150 Farceaux
4%
27930 Fauville
4%
27230 Favril
4%
27190 Ferrières-Haut-Clocher
4%
27110 Feuguerolles
4%
27210 Fiquefleur-Équainville
4%
27120 Fontaine-sous-Jouy
4%
27210 Fort-Moville
4%
27220 Foucrainville
4%
27370 Fouqueville
4%
27290 Freneuse-sur-Risle
4%
27220 Fresney
4%
27930 Gauciel
4%
27190 Gaudreville-la-Rivière
4%
27560 Giverville
4%
27370 Harengère
4%
27700 Harquency
4%
27350 Hauville
4%
27800 Haye-de-Calleville
4%
27350 Haye-de-Routot
4%
27400 Haye-Malherbe
4%
27150 Hébécourt
4%
27800 Hecmanville
4%
27630 Heubécourt-Haricourt
4%
27910 Hogues
4%
27120 Houlbec-Cocherel
4%
27410 Houssaye
4%
27460 Igoville
4%
27290 Illeville-sur-Montfort
4%
27930 Irreville
4%
27120 Jouy-sur-Eure
4%
27210 Lande-Saint-Léger
4%
27470 Launay
4%
27910 Letteguives
4%
27220 Lignerolles
4%
27440 Lisors
4%
27800 Livet-sur-Authou
4%
27320 Madeleine-de-Nonancourt
4%
27800 Malleville-sur-le-Bec
4%
27300 Malouy
4%
27370 Mandeville
4%
27500 Manneville-sur-Risle
4%
27460 Manoir
4%
27810 Marcilly-sur-Eure
4%
27150 Martagny
4%
27210 Martainville
4%
27120 Ménilles
4%
27950 Mercey
4%
27930 Miserey
4%
27320 Moisville
4%
27420 Mouflaines
4%
27650 Muzy
4%
27830 Neaufles-Saint-Martin
4%
27800 Neuville-sur-Authou
4%
27560 Noards
4%
27190 Nogent-le-Sec
4%
27800 Notre-Dame-d'Épine
4%
27410 Noyer-en-Ouche
4%
27720 Noyers
4%
27680 Perrey
4%
27130 Piseux
4%
27940 Port-Mort
4%
27500 Préaux
4%
27370 Pyle
4%
27910 Renneville
4%
27930 Reuilly
4%
27350 Rougemontiers
4%
27350 Routot
4%
27370 Saint-Didier-des-Bois
4%
27190 Saint-Élier
4%
27680 Sainte-Opportune-la-Mare
4%
27430 Saint-Étienne-du-Vauvray
4%
27710 Saint-Georges-Motel
4%
27220 Saint-Germain-de-Fresney
4%
27930 Saint-Germain-des-Angles
4%
27230 Saint-Germain-la-Campagne
4%
27320 Saint-Germain-sur-Avre
4%
27300 Saint-Léger-de-Rôtes
4%
27930 Saint-Luc
4%
27670 Saint-Ouen-du-Tilleul
4%
27920 Saint-Pierre-de-Bailleul
4%
27260 Saint-Pierre-de-Cormeilles
4%
27800 Saint-Pierre-de-Salerne
4%
27210 Saint-Pierre-du-Val
4%
27680 Saint-Samson-de-la-Roque
4%
27260 Saint-Sylvestre-de-Cormeilles
4%
27500 Saint-Symphorien
4%
27300 Saint-Victor-de-Chrétienville
4%
27130 Saint-Victor-sur-Avre
4%
27370 Saussaye
4%
27150 Saussay-la-Campagne
4%
27240 Sylvains-Lès-Moulins
4%
27230 Theil-Nolent
4%
27150 Thil
4%
27420 Thilliers-en-Vexin
4%
27110 Tilleul-Lambert
4%
27510 Tilly
4%
27210 Torpt
4%
27370 Tourville-la-Campagne
4%
27500 Tourville-sur-Pont-Audemer
4%
27110 Tremblay-Omonville
4%
27930 Trinité
4%
27500 Triqueville
4%
27940 Trois Lacs
4%
27110 Troncq
4%
27480 Tronquay
4%
27680 Trouville-la-Haule
4%
27400 Vacherie
4%
27300 Valailles
4%
27110 Venon
4%
27700 Vézillon
4%
27330 Vieille-Lyre
4%
27950 Villez-sous-Bailleul
4%
27120 Aigleville
0%
27250 Ambenay
0%
27140 Amécourt
0%
27380 Amfreville-les-Champs
0%
27370 Amfreville-Saint-Amand
0%
27820 Armentières-sur-Avre
0%
27260 Asnières
0%
27180 Aulnay-sur-Iton
0%
27420 Authevernes
0%
27260 Bailleul-la-Vallée
0%
27130 Bâlines
0%
27310 Barneville-sur-Seine
0%
27160 Baux-de-Breteuil
0%
27140 Bazincourt-sur-Epte
0%
27190 Beaubray
0%
27480 Beauficel-en-Lyons
0%
27370 Bec-Thomas
0%
27160 Bémécourt
0%
27660 Bernouville
0%
27480 Bézu-la-Forêt
0%
27660 Bézu-Saint-Éloi
0%
27330 Bois-Anzeray
0%
27250 Bois-Arnault
0%
27260 Bois-Hellain
0%
27620 Bois-Jérôme-Saint-Ouen
0%
27330 Bois-Normand-près-Lyre
0%
27520 Boissey-le-Châtel
0%
27220 Boissière
0%
27120 Boncourt
0%
27290 Bonneville-Aptot
0%
27370 Bosc du Theil
0%
27310 Bosgouet
0%
27480 Bosquentin
0%
27250 Bottereaux
0%
27150 Bouchevilliers
0%
27500 Bouquelon
0%
27310 Bouquetot
0%
27380 Bourg-Beaudouin
0%
27230 Bournainville-Faverolles
0%
27350 Brestot
0%
27800 Brétigny
0%
27640 Breuilpont
0%
27570 Breux-sur-Avre
0%
27120 Caillouet-Orgeville
0%
27270 Capelle-les-Grands
0%
27310 Caumont
0%
27350 Cauverville-en-Roumois
0%
27120 Chaignes
0%
27270 Chamblac
0%
27240 Chambois
0%
27250 Chambord
0%
27600 Champenard
0%
27220 Champigny-la-Futelaye
0%
27260 Chapelle-Bayvel
0%
27270 Chapelle-Gauthier
0%
27230 Chapelle-Hareng
0%
27420 Château-sur-Epte
0%
27150 Chauvincourt-Provemont
0%
27820 Chennebrun
0%
27250 Chéronvilliers
0%
27500 Colletot
0%
27430 Connelles
0%
27120 Cormier
0%
27300 Corneville-la-Fouquetière
0%
27320 Courdemanche
0%
27130 Courteilles
0%
27120 Croisy-sur-Eure
0%
27430 Daubeuf-près-Vatteville
0%
27150 Doudeauville-en-Vexin
0%
27380 Douville-sur-Andelle
0%
27230 Duranville
0%
27290 Écaquelon
0%
27110 Ecquetot
0%
27560 Épreville-en-Lieuvin
0%
27110 Épreville-près-le-Neubourg
0%
27350 Éturqueraye
0%
27120 Fains
0%
27270 Ferrières-Saint-Hilaire
0%
27310 Flancourt-Crescy-en-Roumois
0%
27480 Fleury-la-Forêt
0%
27380 Flipou
0%
27230 Folleville
0%
27600 Fontaine-Bellenger
0%
27470 Fontaine-l'Abbé
0%
27230 Fontaine-la-Louvet
0%
27220 Forêt-du-Parc
0%
27150 Frenelles-en-Vexin
0%
27260 Fresne-Cauverville
0%
27120 Gadencourt
0%
27150 Gamaches-en-Vexin
0%
27780 Garennes-sur-Eure
0%
27390 Goulafrière
0%
27580 Gournay-le-Guérin
0%
27270 Grand-Camp
0%
27220 Grossœuvre
0%
27720 Guerny
0%
27700 Guiseniers
0%
27220 Habit
0%
27150 Hacqueville
0%
27120 Hardencourt-Cocherel
0%
27350 Haye-Aubrée
0%
27370 Haye-du-Theil
0%
27400 Haye-le-Comte
0%
27330 Haye-Saint-Sylvestre
0%
27120 Hécourt
0%
27700 Hennezis
0%
27430 Herqueville
0%
27860 Heudicourt
0%
27230 Heudreville-en-Lieuvin
0%
27950 Heunière
0%
27700 Heuqueville
0%
27310 Honguemare-Guenouville
0%
27570 Hosmes
0%
27440 Houville-en-Vexin
0%
27930 Huest
0%
27250 Juignettes
0%
27350 Landin
0%
27160 Lesme
0%
27480 Lilly
0%
27150 Longchamps
0%
27480 Lorleau
0%
27650 Louye
0%
27150 Mainneville
0%
27130 Mandres
0%
27210 Manneville-la-Raoult
0%
27160 Marbois
0%
27340 Martot
0%
27390 Mélicourt
0%
27850 Ménesqueville
0%
27640 Merey
0%
27390 Mesnil-Rousset
0%
27560 Mesnil-Saint-Jean
0%
27150 Mesnil-sous-Vienne
0%
27650 Mesnil-sur-l'Estrée
0%
27440 Mesnil-Verclives
0%
27510 Mézières-en-Vexin
0%
27520 Monts du Roumois
0%
27260 Morainville-Jouveaux
0%
27150 Morgny
0%
27800 Morsan
0%
27220 Mousseaux-Neuville
0%
27250 Neaufles-Auvergny
0%
27150 Neuve-Grange
0%
27890 Neuville-du-Bosc
0%
27560 Noë-Poulain
0%
27150 Nojeon-en-Vexin
0%
27390 Notre-Dame-du-Hamel
0%
27230 Piencourt
0%
27230 Places
0%
27300 Plainville
0%
27230 Planquay
0%
27120 Plessis-Hébert
0%
27430 Porte-de-Seine
0%
27560 Poterie-Mathieu
0%
27150 Puchay
0%
27130 Pullay
0%
27420 Richeville
0%
27700 Roquette
0%
27790 Rosay-sur-Lieure
0%
27120 Rouvray
0%
27390 Saint-Agnan-de-Cernières
0%
27250 Saint-Antonin-de-Sommaire
0%
27110 Saint-Aubin-d'Écrosville
0%
27230 Saint-Aubin-de-Scellon
0%
27270 Saint-Aubin-du-Thenney
0%
27680 Saint-Aubin-sur-Quillebeuf
0%
27450 Saint-Benoît-des-Ombres
0%
27820 Saint-Christophe-sur-Avre
0%
27370 Saint-Cyr-la-Campagne
0%
27390 Saint-Denis-d'Augerons
0%
27520 Saint-Denis-des-Monts
0%
27140 Saint-Denis-le-Ferment
0%
27950 Sainte-Colombe-près-Vernon
0%
27620 Sainte-Geneviève-lès-Gasny
0%
27800 Saint-Éloi-de-Fourques
0%
27160 Sainte-Marie-d'Attez
0%
27150 Sainte-Marie-de-Vatimesnil
0%
27450 Saint-Étienne-l'Allier
0%
27920 Saint-Étienne-sous-Bailleul
0%
27370 Saint-Germain-de-Pasquier
0%
27270 Saint-Jean-du-Thenney
0%
27600 Saint-Julien-de-la-Liègue
0%
27390 Saint-Laurent-du-Tencement
0%
27520 Saint-Léger-du-Gennetey
0%
27500 Saint-Mards-de-Blacarville
0%
27230 Saint-Mards-de-Fresne
0%
27300 Saint-Martin-du-Tilleul
0%
27450 Saint-Martin-Saint-Firmin
0%
27370 Saint-Meslin-du-Bosc
0%
27370 Saint-Ouen-de-Pontcheuil
0%
27310 Saint-Ouen-de-Thouberville
0%
27800 Saint-Paul-de-Fourques
0%
27520 Saint-Philbert-sur-Boissey
0%
27390 Saint-Pierre-de-Cernières
0%
27450 Saint-Pierre-des-Ifs
0%
27370 Saint-Pierre-du-Bosguérard
0%
27600 Saint-Pierre-la-Garenne
0%
27560 Saint-Siméon
0%
27210 Saint-Sulpice-de-Grimbouville
0%
27930 Saint-Vigor
0%
27950 Saint-Vincent-des-Bois
0%
27230 Saint-Vincent-du-Boulay
0%
27150 Sancourt
0%
27930 Sassey
0%
27500 Selles
0%
27220 Serez
0%
27420 Suzay
0%
27520 Thénouville
0%
27290 Thierville
0%
27370 Thuit de l'Oison
0%
27570 Tillières-sur-Avre
0%
27500 Tocqueville
0%
27440 Touffreville
0%
27270 Treis-Sants-en-Ouche
0%
27270 Trinité-de-Réville
0%
27310 Trinité-de-Thouberville
0%
27940 Val d'Hazey
0%
27190 Val-Doré
0%
27440 Val d'Orger
0%
27350 Valletot
0%
27380 Vandrimare
0%
27210 Vannecrocq
0%
27430 Vatteville
0%
27120 Vaux-sur-Eure
0%
27390 Verneusses
0%
27680 Vieux-Port
0%
27120 Villegats
0%
27420 Villers-en-Vexin
0%
27940 Villers-sur-le-Roule
0%
27110 Villez-sur-le-Neubourg
0%
27640 Villiers-en-Désœuvre
0%
27520 Voiscreville
0%
27370 Vraiville
0%
Aucun quiz correspondant
Distribution des résultats
% des personnes avec chaque résultat
Percentile par nombre de réponses
Votre historique - résultats
Vous n’avez pas pris ce quiz